<?xml version="1.0" encoding="UTF-8"?>
<record
    xmlns:xsi="http://www.w3.org/2001/XMLSchema-instance"
    xsi:schemaLocation="http://www.loc.gov/MARC21/slim http://www.loc.gov/standards/marcxml/schema/MARC21slim.xsd"
    xmlns="http://www.loc.gov/MARC21/slim">

  <leader>04283nam a2200373   4500</leader>
  <controlfield tag="003">CHAP</controlfield>
  <controlfield tag="005">20250818095144.0</controlfield>
  <controlfield tag="007">ta</controlfield>
  <controlfield tag="008">250818s1999    mx ad||frm||| 001 0 spa d</controlfield>
  <datafield tag="040" ind1=" " ind2=" ">
    <subfield code="a">mxchpua</subfield>
    <subfield code="c">CHAP</subfield>
  </datafield>
  <datafield tag="041" ind1="0" ind2=" ">
    <subfield code="a">spa</subfield>
    <subfield code="b">eng</subfield>
  </datafield>
  <datafield tag="090" ind1=" " ind2=" ">
    <subfield code="a">Tesis</subfield>
    <subfield code="b">L43</subfield>
    <subfield code="c">1999</subfield>
  </datafield>
  <datafield tag="100" ind1="1" ind2=" ">
    <subfield code="a">Leandro Santill&#xE1;n, Vianey</subfield>
  </datafield>
  <datafield tag="240" ind1="1" ind2=" ">
    <subfield code="a">Quality handbook for a milk pasteurization plant.</subfield>
    <subfield code="l">Espa&#xF1;ol</subfield>
  </datafield>
  <datafield tag="245" ind1="1" ind2=" ">
    <subfield code="a">Manual de calidad para una planta pasteurizadora de leche /</subfield>
    <subfield code="c">Vianey Leandro Santill&#xE1;n</subfield>
  </datafield>
  <datafield tag="264" ind1=" " ind2=" ">
    <subfield code="a">Chapingo, M&#xE9;xico :</subfield>
    <subfield code="b">El autor,</subfield>
    <subfield code="c">1999</subfield>
  </datafield>
  <datafield tag="300" ind1=" " ind2=" ">
    <subfield code="a">vii, 102 hojas :</subfield>
    <subfield code="b">ilustraciones, tablas, gr&#xE1;ficas</subfield>
  </datafield>
  <datafield tag="336" ind1=" " ind2=" ">
    <subfield code="2">rdacontent</subfield>
    <subfield code="a">texto</subfield>
    <subfield code="b">txt</subfield>
  </datafield>
  <datafield tag="337" ind1=" " ind2=" ">
    <subfield code="2">rdamedia</subfield>
    <subfield code="a">no mediado</subfield>
    <subfield code="b">n</subfield>
  </datafield>
  <datafield tag="338" ind1=" " ind2=" ">
    <subfield code="2">rdacarrier</subfield>
    <subfield code="a">volumen</subfield>
    <subfield code="b">nc</subfield>
  </datafield>
  <datafield tag="502" ind1=" " ind2=" ">
    <subfield code="a">Tesis</subfield>
    <subfield code="b">(Ingeniero Agroindustrial) --</subfield>
    <subfield code="c">UACh. Departamento de Ingenier&#xED;a Agroindustrial,</subfield>
    <subfield code="d">1999</subfield>
  </datafield>
  <datafield tag="504" ind1=" " ind2=" ">
    <subfield code="a">Bibliograf&#xED;a: hojas 99-102</subfield>
  </datafield>
  <datafield tag="520" ind1="3" ind2=" ">
    <subfield code="a">El problema de la calidad en nuestro pa&#xED;s suele ser complejo, sobre todo en las peque&#xF1;as y medianas empresas, porque ellas enfrentan diversas situaciones que no les permiten alcanzar una calidad minima aceptable en sus productos.
Un caso especifico es el Centro de Acopio Lechero y Servicios Agropecuarios S.A. de C.V.(CALSA). En &#xE9;sta empresa integrada por peque&#xF1;os ganaderos, y en establecimiento, se presentan algunos obst&#xE1;culos para el logro de la calidad; estos son: escasez de recursos, obsolescencia tecnol&#xF3;gica y, principalmente, falta de organizaci&#xF3;n Por ello, se decidi&#xF3; elaborar un manual de calidad que sirviera como estimulo para mejorar la forma de producir, en la cual predomine la higiene, el trabajo en equipo y la concientizaci&#xF3;n de los productores a favor de la calidad. En este trabajo, se ubic&#xF3; al proceso de elaboraci&#xF3;n de leche pasteurizada consider&#xE1;ndolo parte de un eslab&#xF3;n del sistema agroindustrial leche (SAIL) y, en consecuencia, se abord&#xF3; el problema de la calidad desde un enfoque de control total de calidad. Por ello, se elabor&#xF3; un manual en el que se propone el control de calidad de la leche pasteurizada pero tomando en consideraci&#xF3;n el trayecto de la leche desde su producci&#xF3;n en granja, hasta el consumidor. Adicionalmente, se destaca el papel que debe jugar actualmente el laboratorio de control de calidad en la empresa, tomando en cuenta el nuevo entorno competitivo en el que se desenvolver&#xE1;.</subfield>
  </datafield>
  <datafield tag="520" ind1="3" ind2=" ">
    <subfield code="a">The problem of quality in our country tends to be complex above all in small and large companies because they face varied situations that do not let them reach an acceptable minimum quality in their products. A specific case is the Centro de Acopio Lechero y Servicios Agropecuarios S.A de C.V.(CALSA). Some problems are present in the attempt of achieving quality in this company, whose members are cattle raisers, and also in the establishment of it. These problems are lack of resources, obsolete technology, and mainly the lack of organization. For this reason, it has been decided to elaborate a manual of quality that would serve as an encouragement in order to improve the way of producing, in this manual, it would prevail the hygiene, teamwork, and the producer's awareness in favor of quality. In this work, the process of pasteurized milk production was placed and considered as a link in the agroindustrial milk system and, therefore, the problem of quality was approached from a focus of total control of quality. Thus, the manual was
elaborated proposing the control of quality of pasteurized milk, taking into account the process of milk from its production in the farm to its purchase by customers. Likewise, it is highlighted the role that the laboratory of control of quality must play in a company at present, taking into account the competitive background in which it will develop.</subfield>
  </datafield>
  <datafield tag="650" ind1="1" ind2="3">
    <subfield code="a">Leche pasteurizada  </subfield>
    <subfield code="2">atg</subfield>
    <subfield code="x">Manuales</subfield>
  </datafield>
  <datafield tag="650" ind1="1" ind2="3">
    <subfield code="a">Plantas procesadoras de l&#xE1;cteos  </subfield>
    <subfield code="2">atg</subfield>
    <subfield code="x">Iniciativa empresarial</subfield>
  </datafield>
  <datafield tag="650" ind1="1" ind2="3">
    <subfield code="a">Pasteurized milk  </subfield>
    <subfield code="2">atg</subfield>
    <subfield code="x">Handbooks, manuals, etc</subfield>
  </datafield>
  <datafield tag="650" ind1="1" ind2="3">
    <subfield code="a">Dairy processing plants  </subfield>
    <subfield code="2">atg</subfield>
    <subfield code="x">Entrepreneurship</subfield>
  </datafield>
  <datafield tag="700" ind1="1" ind2=" ">
    <subfield code="a">Villegas de Gante, Abraham Zacarias</subfield>
    <subfield code="e">director</subfield>
  </datafield>
  <datafield tag="700" ind1="1" ind2=" ">
    <subfield code="a">Hern&#xE1;ndez Montes, Arturo</subfield>
    <subfield code="e">asesor</subfield>
  </datafield>
  <datafield tag="700" ind1="1" ind2=" ">
    <subfield code="a">Castillo Merino, Jorge</subfield>
    <subfield code="e">asesor</subfield>
  </datafield>
  <datafield tag="901" ind1=" " ind2=" ">
    <subfield code="a">TESIS L43 1999</subfield>
  </datafield>
  <datafield tag="942" ind1=" " ind2=" ">
    <subfield code="2">Clasificaci&#xF3;n Universidad Aut&#xF3;noma Chapingo</subfield>
    <subfield code="c">TESIS</subfield>
  </datafield>
  <datafield tag="999" ind1=" " ind2=" ">
    <subfield code="c">186164</subfield>
    <subfield code="d">186164</subfield>
  </datafield>
  <datafield tag="952" ind1=" " ind2=" ">
    <subfield code="0">0</subfield>
    <subfield code="1">0</subfield>
    <subfield code="2">local</subfield>
    <subfield code="4">0</subfield>
    <subfield code="5">1</subfield>
    <subfield code="7">0</subfield>
    <subfield code="8">TESIS</subfield>
    <subfield code="a">IA_</subfield>
    <subfield code="b">IA_</subfield>
    <subfield code="d">2025-08-18</subfield>
    <subfield code="e">El autor</subfield>
    <subfield code="l">0</subfield>
    <subfield code="o">Tesis L43 1999</subfield>
    <subfield code="p">1101015825</subfield>
    <subfield code="r">2026-02-02 00:00:00</subfield>
    <subfield code="t">Ej.1</subfield>
    <subfield code="w">2025-08-18</subfield>
    <subfield code="y">TESIS</subfield>
  </datafield>
  <datafield tag="952" ind1=" " ind2=" ">
    <subfield code="0">0</subfield>
    <subfield code="1">0</subfield>
    <subfield code="2">local</subfield>
    <subfield code="4">0</subfield>
    <subfield code="5">5</subfield>
    <subfield code="7">0</subfield>
    <subfield code="8">TESIS</subfield>
    <subfield code="a">IA_</subfield>
    <subfield code="b">IA_</subfield>
    <subfield code="d">2025-08-18</subfield>
    <subfield code="e">El autor</subfield>
    <subfield code="l">0</subfield>
    <subfield code="o">Tesis L43 1999</subfield>
    <subfield code="p">1101015826</subfield>
    <subfield code="r">2026-02-02 00:00:00</subfield>
    <subfield code="t">Ej.2</subfield>
    <subfield code="w">2025-08-18</subfield>
    <subfield code="y">TESIS</subfield>
  </datafield>
</record>
